| 000 | 00374nam a22001217a 4500 | ||
|---|---|---|---|
| 082 | _a220 PRO | ||
| 100 |
_aNC ABDULLAH AZHAR NC MUHAMMAD HAMAD AKBAR NC NAVEED AHMED MALIK _970676 |
||
| 245 | _aPR-SOF-1851-SMART RECEIPT SYSTEM | ||
| 260 |
_aISLAMABAD _bNUST COLLEGE OF EME _c2019 |
||
| 650 |
_a DE-COMP-37 _970677 |
||
| 700 |
_aSUPERVISOR DR. AIMAL KHAN _970008 |
||
| 942 | _cCR | ||
| 999 |
_c577593 _d577593 |
||